Respuesta de Lilium l/a "Fangio" (Lilium x longiflorum x asiatico) a distintos niveles de disponibilidad hídrica en el sustrato /

Guardado en:
Autor Principal: Fieg, Federico.
Autor Corporativo: Universidad Nacional del Sur. Departamento de Agronomía.
Otros Autores: Marinangeli, Pablo Alejandro, (tutor.)
Formato: Libro
Idioma:Spanish
Publicado: Bahía Blanca, 2009.
Etiquetas: Agregar Etiqueta
Sin Etiquetas, Sea el primero en etiquetar este registro!
LEADER 00759nam a22001695a 4500
001 EEA.libagro008307
005 20181203080644.0
008 130809s2009####ag#a##########000#0#spa#d
082 0 4 |a 635.9 
100 1 |a Fieg, Federico. 
245 1 0 |a Respuesta de Lilium l/a "Fangio" (Lilium x longiflorum x asiatico) a distintos niveles de disponibilidad hídrica en el sustrato /  |c Federico Fieg. 
260 |a Bahía Blanca,  |c 2009. 
300 |a 27 h. :  |b il. ;  |c 30 cm. 
500 |a Trabajo de intensificación (Ingeniero Agrónomo) -- Universidad Nacional del Sur. Departamento de Agronomía, 2009. 
700 1 |a Marinangeli, Pablo Alejandro,  |e tutor. 
710 2 |a Universidad Nacional del Sur.  |b Departamento de Agronomía. 
859 |a AR-BbBCA  |b BIB. AGRONOMIA  |h 635.9  |i F452  |p 2010/5720